Statistiques concernant Anagrammes - Prénoms féminins - Série 04

Cliquez ici pour prendre le quiz!

Statistiques générales

  • Ce quiz a été pris 226 fois
  • Le résultat moyen est 8 sur 10

Statistiques - réponses

AnagrammePrénom% Correct
ENNAAnne
100%
LIEESElise
92%
TACHANANatacha
89%
MECLENECClemence
85%
NOLESESolene
85%
SAVANESVanessa
83%
GALENIQUEAngelique
81%
HEPOISSophie
81%
ENIVREESSeverine
72%
HEPOILEOphélie
53%

Distribution des résultats

Percentile par nombre de réponses

% des personnes avec chaque résultat

Votre développement - résultats

Vous n’avez pas pris ce quiz